Normal view
MARC view
Entry Personal Name
001 - CONTROL NUMBER
- control field: 876
003 - CONTROL NUMBER IDENTIFIER
- control field: csc
005 - DATE AND TIME OF LATEST TRANSACTION
- control field: 20140507162053.0
008 - FIXED-LENGTH DATA ELEMENTS
- fixed length control field: 130215|| aca||aabn | a|a d
040 ## - CATALOGING SOURCE
- Original cataloging agency: csc
- Transcribing agency: csc
100 ## - HEADING--PERSONAL NAME
- Personal name: Babelʹ, I.
- Fuller form of name: (Isaak),
- Dates associated with a name: 1894-1941.
- Form subdivision: Translations into English.
670 ## - SOURCE DATA FOUND
- Source citation: Work cat.: (csc)206: Babelʹ, I. (Isaak), 1894-1941. 570, Red cavalry and other stories /, 2005, c1994.